Zgadnij czyja to piosenka! (Polski rap) - Statystyki

Ogólne statystyki
  • Ten quiz został rozwiązany 4 474 razy
  • Średni wynik to 15 z 30
Statystyki odpowiedzi
Nazwa Odpowiedź % Poprawnych
Jagodzianki Malik Montana
92%
Język Ciała Tymek
91%
Half Dead Quebonafide
89%
Biały i młody Bedoes
83%
Szaman Paluch
82%
Pogba Young Multi
77%
To ziomal Żabson
76%
Mówieże Reto
75%
Noc White 2115
68%
Król Lew Szpaku
67%
Buzi Young igi
67%
Casablanca Blacha 2115
62%
Dziecko wojny Sarius
52%
Jestem Marynarzem Beka KSH
51%
Głucha Noc Peja
48%
T-Kila Tede
45%
Perfekt Wac Toja
45%
Nigdy ponad stan Kękę
41%
Menago PlanBe
41%
Laura Palmer Kartky
39%
Mów Otsochodzi
39%
ABCD Zeamsone
37%
Trendsetter Kaz Bałagane
29%
Songi i Fotki Adi Nowak
26%
Sami swoi Kuban
23%
Nintendo Deys
19%
Na Bombie Qbik
16%
Ciuciubabka Szesnasty
13%
Wiraże Szopeen
12%
Dark Przyłu VBS
6%
Nie znaleziono quizów pasujących do podanych kryteriów
Rozkład punktacji
Procent ludzi z każdym wynikiem
Percentyl według liczby udzielonych odpowiedzi
Twoja historia wyników
Nie rozwiązałeś tego quizu